000 00973nam a2200169 a 4500
008 130717s2009 ||||||||||||||||| || u
050 _aCOMESA(058)
110 _aCommon Market for Eastern and Southern Africa (COMESA)
245 1 0 _aCOMESA annual report 2009
_cby Common Market for Eastern and Southern Africa [COMESA]
260 _aLusaka:
_bCommon Market for Eastern and Southern Africa (COMESA)
_c2009
300 _a99p.: ill.
362 1 _a<p>2009</p>
650 _aCOMMON MARKET FOR EASTERN AND SOUTHERN AFRICA--ANNUAL REPORT
995 _aSPECIAL COLLECTIONS
_e872
_FCBU-MAIN LIBRARY (Kitwe)
_jCOMESA(058)A5/2009A
_M1
_UAVAILABLE
_WAug 7, 2013
_yB872
_ZInternational Publications
995 _aSPECIAL COLLECTIONS
_e873
_FCBU-MAIN LIBRARY (Kitwe)
_jCOMESA(058)A5/2009B
_M2
_UAVAILABLE
_WAug 7, 2013
_yB873
_ZInternational Publications
995 _aSPECIAL COLLECTIONS
_e874
_FCBU-MAIN LIBRARY (Kitwe)
_jCOMESA(058)A5/2009C
_M3
_UAVAILABLE
_WAug 7, 2013
_yB874
_ZInternational Publications
999 _c79481
_d79481